<?xml version="1.0" encoding="UTF-8"?>
<collection xmlns="http://www.loc.gov/MARC21/slim">
    <record>
        <controlfield tag="001">85193</controlfield>
        <controlfield tag="005">20191118101521.0</controlfield>
        <datafield tag="037" ind1=" " ind2=" ">
            <subfield code="a">TAZ-TFG-2019-3003</subfield>
        </datafield>
        <datafield tag="041" ind1=" " ind2=" ">
            <subfield code="a">spa</subfield>
        </datafield>
        <datafield tag="100" ind1="1" ind2=" ">
            <subfield code="a">Leza Barbero, Cecilia </subfield>
        </datafield>
        <datafield tag="242" ind1="0" ind2="0">
            <subfield code="a">Real and perceived risk associated with raw milk consumption</subfield>
        </datafield>
        <datafield tag="245" ind1="0" ind2="0">
            <subfield code="a">Riesgo real y percibido asociado al consumo de leche cruda</subfield>
        </datafield>
        <datafield tag="260" ind1=" " ind2=" ">
            <subfield code="a">Zaragoza</subfield>
            <subfield code="b">Universidad de Zaragoza</subfield>
            <subfield code="c">2019</subfield>
        </datafield>
        <datafield tag="506" ind1=" " ind2=" ">
            <subfield code="a">by-nc-sa</subfield>
            <subfield code="b">Creative Commons</subfield>
            <subfield code="c">3.0</subfield>
            <subfield code="u">http://creativecommons.org/licenses/by-nc-sa/3.0/</subfield>
        </datafield>
        <datafield tag="520" ind1=" " ind2=" ">
            <subfield code="a">En la actualidad algunos consumidores prefieren la leche cruda sobre la pasteurizada. El objetivo de este trabajo es determinar qué riesgos son los que se asocian al consumo de leche cruda y cuál es su impacto sobre la salud, así como determinar los motivos que podrían llevar a las personas a consumir este producto y cómo perciben el riesgo que conlleva. Además, también se ha hecho una revisión de la legislación vigente en relación a la comercialización de leche cruda en el ámbito europeo.&lt;br />Para ello se ha realizado una revisión bibliográfica de la legislación europea y de artículos científicos utilizando bases de datos como Scholar Google o Pubmed y se ha hecho una encuesta a una muestra de la población local.&lt;br />La información científica disponible señala que los peligros que podemos encontrar en la leche cruda son fundamentalmente microbiológicos, siendo los más frecuentes Campylobacter spp., Salmonella spp., E. coli, Listeria monocytogenes o Staphylococcus aureus. &lt;br />Asimismo, a través de la encuesta realizada se puede comprobar la influencia de factores como la edad, el origen o la formación en la percepción del riesgo por parte de la población.&lt;br />&lt;br /></subfield>
        </datafield>
        <datafield tag="521" ind1=" " ind2=" ">
            <subfield code="a">Graduado en Veterinaria</subfield>
        </datafield>
        <datafield tag="540" ind1=" " ind2=" ">
            <subfield code="a">Derechos regulados por licencia Creative Commons</subfield>
        </datafield>
        <datafield tag="700" ind1=" " ind2=" ">
            <subfield code="a">Pilar Conchello Moreno</subfield>
            <subfield code="e">dir.</subfield>
        </datafield>
        <datafield tag="700" ind1=" " ind2=" ">
            <subfield code="a">Antonio Herrera Marteache</subfield>
            <subfield code="e">dir.</subfield>
        </datafield>
        <datafield tag="710" ind1="2" ind2=" ">
            <subfield code="a">Universidad de Zaragoza</subfield>
            <subfield code="b">Producción Animal y Ciencia de los Alimentos</subfield>
            <subfield code="c">Nutrición y Bromatología</subfield>
        </datafield>
        <datafield tag="856" ind1="0" ind2=" ">
            <subfield code="f">700738@celes.unizar.es</subfield>
        </datafield>
        <datafield tag="856" ind1="4" ind2=" ">
            <subfield code="s">992743</subfield>
            <subfield code="u">http://zaguan.unizar.es/record/85193/files/TAZ-TFG-2019-3003.pdf</subfield>
            <subfield code="y">Memoria (spa)</subfield>
        </datafield>
        <datafield tag="909" ind1="C" ind2="O">
            <subfield code="o">oai:zaguan.unizar.es:85193</subfield>
            <subfield code="p">driver</subfield>
            <subfield code="p">trabajos-fin-grado</subfield>
        </datafield>
        <datafield tag="950" ind1=" " ind2=" ">
            <subfield code="a"></subfield>
        </datafield>
        <datafield tag="951" ind1=" " ind2=" ">
            <subfield code="a">deposita:2019-11-18</subfield>
        </datafield>
        <datafield tag="980" ind1=" " ind2=" ">
            <subfield code="a">TAZ</subfield>
            <subfield code="b">TFG</subfield>
            <subfield code="c">VET</subfield>
        </datafield>
        <datafield tag="999" ind1=" " ind2=" ">
            <subfield code="a">20190911165505.CREATION_DATE</subfield>
        </datafield>
    </record>

    
</collection>